000 00635nam a2200241 i 4500
001 C2-0287158
003 PPAK
005 20180728020511.0
008 080206s1966 ii a|||| ||||| | eng d
020 _a8123702884
040 _aPPAK
_beng
_cPPAK
_erda
082 0 4 _a582.16
_223
090 0 0 _a582.16
_bSAN
_dR
100 1 _aSantapau, H.,
_eauthor
245 1 0 _aCommon trees
264 1 _aNew Delhi :
_bNational Book Trust ,
_c1966
300 _aviii, 118 pages :
_billustrations ;
_c21 cm
336 _2rdacontent
_atext
337 _2rdamedia
_aunmediated
338 _2rdacarrier
_avolume
650 1 0 _aTrees
942 _ddc
_cB
999 _c92862
_d92862